Statistics for Can You Name All Of The Pokemon Regions?

Click here to take the quiz!

General Stats

  • This quiz has been taken 26 times
  • The average score is 9 of 13

Answer Stats

HintAnswer% Correct
1Kanto
100%
7Alola
95%
2Johto
95%
4Sinnoh
90%
6Kalos
85%
3Hoenn
80%
8Galar
75%
9Paldea
75%
5Unova
70%
Island 2Akala
35%
Gen 7 Island 1Melemele
35%
Island 4Poni
35%
Island 3Ulaula
30%

Score Distribution

Percentile by Number Answered

Percent of People with Each Score

Your Score History

You have not taken this quiz